| 000 | 00512nam a22001817a 4500 | ||
|---|---|---|---|
| 003 | OSt | ||
| 005 | 20150909141155.0 | ||
| 008 | 150909b xxu||||| |||| 00| 0 eng d | ||
| 020 | _a1588903087 | ||
| 040 | _cDNLM | ||
| 082 | _aWE705 H34c 2005 | ||
| 100 |
_aedited by Stewart, Michael G. _95693 |
||
| 245 |
_aHead, Face and Neck Trauma: _bcomprehensive management |
||
| 300 |
_axii, 256p; _bill: _c28cm |
||
| 504 | _aReferences, & index included | ||
| 650 |
_aHead, Face,& Neck trauma _95694 |
||
| 942 |
_2z _cO_SHELF |
||
| 999 |
_c2242 _d2242 |
||